000 01041cac a22003011u 4500
090 _c4134
008 081105t2005 xxu||||| |||| 00| 0 eng d
010 _a2003065604
020 _a0131146246 (college)
020 _a013189868X (professional)
020 _a0131920200 (school)
022 _a0132238934
082 0 0 _a150
_bWAD
100 _aWade, Carole.
245 1 0 _aInvitation to psychology /
_cCarole Wade, Carol Tavris.
250 _a3rd ed.
_bStudy ed.
260 _aUpper Saddle River, N.J. :
_bPearson/Prentice Hall,
_cc2005.
300 _axx, 571 p. :
_bill. (chiefly col.) ;
_c28 cm.
500 _aStudy Edition.
500 _aOne copy Distributed by Dar Fathy Taha Mohamed Desoukey
504 _aIncludes bibliographical references and indexes.
511 _aCatalogued by: Sara
650 0 _aPsychology
_vTextbooks.
700 1 _aTavris, Carol.
942 _cBB
_k150WAD
_2ddc
999 _c4134
_d4134